000 00763cab a2200265 4500
001 WB3412-33
008 090401t1998 xxu||||| |||| 00| 0 eng d
035 _a(Sirsi) u85232
041 _aeng
245 _aPoland
260 _c1998
350 _a0
490 _aFinancial Times
_v25 March 1998 (8)
520 _aA survey of Poland examining the economy, foreign policy, telecommunications, banking, social policy, the environment and the steel and energy industries. Tables. Map.
650 _aBANKING
650 _aENERGY INDUSTRY
650 _aFOREIGN POLICY
650 _aPOLAND
650 _aSOCIAL POLICY
650 _aSTEEL INDUSTRY
650 _aTELECOMMUNICATIONS
690 _aOVERSEAS-EUROPE
942 _n0
948 _c26/03/1998
999 _c53573
_d53573